| 000 | 01034cam a2200289 i 4500 | ||
|---|---|---|---|
| 001 | 60937 | ||
| 003 | Mx-PuUPA | ||
| 005 | 20241128092016.0 | ||
| 008 | 140415s1957 mx gr 000 0 spa d | ||
| 040 |
_aMx-PuUPA _bspa _cMx-PuUPA _dMx-PuUPA _erda |
||
| 041 | 0 | _aspa | |
| 100 | 1 |
_aHaggard, H. Rider, _q(Henry Rider), _d1856-1925 _916507 _eautor |
|
| 245 | 1 | 3 |
_aLa hija de Moctezuma : _bnovela escrita en inglés / _cpor H. Rider Haggard ; versión española de Carlos Gutiérrez Cavada. |
| 250 | _aSegunda edición | ||
| 264 | 1 |
_aMéxico, D. F. : _bEditorial Diana, _c1957 |
|
| 300 |
_a396 páginas ; _c20 cm |
||
| 336 |
_atexto _2rdacontent _btxt |
||
| 337 |
_asin medio _2rdamedia _bn |
||
| 338 |
_avolumen _2rdacarrier _bnc |
||
| 650 | 7 |
_2armarc _aNovela _zGran Bretaña _v |
|
| 651 | 4 |
_aMéxico _xHistoria _xConquista _vNovela _y1519-1540 |
|
| 655 | 7 |
_2armarc _aNovela histórica |
|
| 700 | 1 |
_aGutierrez Cavada, Carlos, _etraductor |
|
| 942 |
_2ddc _cLI _h823.8 _iH14 |
||
| 999 |
_c60937 _d60937 |
||